| 000 | 01037cam a2200325 a 4500 | ||
|---|---|---|---|
| 999 |
_c9146 _d9146 |
||
| 001 | 3799764 | ||
| 003 | KTL874 MAC 1984 | ||
| 005 | 20210607102933.0 | ||
| 008 | 841019s1984 sa b 001 0 eng | ||
| 010 | _a 84229700 | ||
| 020 |
_a0702114138 : _cR38.00 |
||
| 040 |
_aDLC _cDLC _dDLC |
||
| 043 | _af-sa--- | ||
| 050 | 0 | 0 |
_aKTL874 _b.M33 1984 |
| 082 | 0 | 0 |
_a346.68/072 _a346.80672 _219 |
| 100 | 1 |
_aMackeurtan, Harold Graham, _d1884- _eauthor |
|
| 240 | 1 | 0 | _aSale of goods in South Africa |
| 245 | 1 | 0 |
_aMackeurtan's Sale of goods in South Africa. _cGRJ Hackwill MA |
| 250 |
_a5th ed. / _bby G.R.J. Hackwill. |
||
| 260 |
_aCape Town : _bJuta, _c1984. |
||
| 300 |
_axli, 304 p. ; _c26 cm. |
||
| 500 | _aIncludes index | ||
| 504 | _aIncludes bibliographical references and indexes. | ||
| 650 | 0 |
_aSales _zSouth Africa. |
|
| 700 | 1 |
_aHackwill, G. R. J. _eauthor |
|
| 740 | 0 | _aSale of goods in South Africa. | |
| 906 |
_a7 _bcbc _corignew _d2 _encip _f19 _gy-gencatlg |
||
| 942 |
_2lcc _cBK _h874 _iMAC _kKTL |
||